[Event "Leipzig VfB op 16th"]
[Site "Leipzig"]
[Date "2009.03.31"]
[Round "1"]
[White "Keller, Ralf"]
[Black "Lutz, Harald"]
[Result "1/2-1/2"]
[WhiteElo "1515"]
[BlackElo "2002"]
[PlyCount "49"]
[EventDate "2009.03.31"]
[EventType "swiss"]
[EventRounds "9"]
[EventCountry "GER"]
[SourceTitle "EXT 2010"]
[Source "ChessBase"]
[SourceDate "2010.11.25"]
[SourceVersion "1"]
[SourceVersionDate "2010.11.25"]
[SourceQuality "1"]

1. e4 c5 2. d4 cxd4 3. c3 dxc3 4. Bc4 e6 5. Nxc3 a6 6. Nf3 Be7 7. 0-0 Nc6 8. e5 d5 9. exd6 Qxd6 10. Qe2 Nf6 11. Rd1 Qc7 12. Bg5 0-0 13. Rac1 Rd8 14. Bd3 h6 15. Bh4 Qb6 16. Ne4 Nd5 17. Bg3 Ndb4 18. Ne5 Nxe5 19. Bxe5 Nxd3 20. Rxd3 Rxd3 21. Qxd3 f6 22. Nxf6+ gxf6 23. Qg6+ Kf8 24. Qxh6+ Kg8 25. Qg6+ 1/2-1/2

[Event "Leipzig VfB op 15th"]
[Site "Leipzig"]
[Date "2008.02.28"]
[Round "3"]
[White "Lutz, Harald"]
[Black "Schmiedek, Jens"]
[Result "0-1"]
[WhiteElo "2030"]
[BlackElo "1809"]
[PlyCount "44"]
[EventDate "2008.02.26"]
[EventType "swiss"]
[EventRounds "9"]
[EventCountry "GER"]
[SourceTitle "CBM 123 Extra"]
[Source "ChessBase"]
[SourceDate "2008.05.06"]
[SourceVersion "1"]
[SourceVersionDate "2008.05.06"]
[SourceQuality "1"]

1. e4 c6 2. c4 d5 3. cxd5 cxd5 4. exd5 Qxd5 5. Nc3 Qe6+ 6. Qe2 Nf6 7. Nf3 Nc6 8. d4 Qxe2+ 9. Bxe2 e6 10. 0-0 a6 11. Rd1 Be7 12. a3 0-0 13. d5 Nxd5 14. Nxd5 exd5 15. Rxd5 Be6 16. Rd3 Bf6 17. Nd2 Rad8 18. Ne4 Rxd3 19. Nxf6+ gxf6 20. Bxd3 Rd8 21. Be2 Nd4 22. Bf3 Nb3 0-1

[Event "Leipzig VfB op 15th"]
[Site "Leipzig"]
[Date "2008.02.27"]
[Round "2"]
[White "Natsidis, Christoph"]
[Black "Lutz, Harald"]
[Result "1-0"]
[WhiteElo "2284"]
[BlackElo "2030"]
[PlyCount "119"]
[EventDate "2008.02.26"]
[EventType "swiss"]
[EventRounds "9"]
[EventCountry "GER"]
[SourceTitle "CBM 123 Extra"]
[Source "ChessBase"]
[SourceDate "2008.05.06"]
[SourceVersion "1"]
[SourceVersionDate "2008.05.06"]
[SourceQuality "1"]

1. d4 Nf6 2. c4 g6 3. Nc3 d5 4. cxd5 Nxd5 5. Bd2 Bg7 6. e4 Nxc3 7. Bxc3 e6 8. Nf3 a6 9. Qc2 Nd7 10. Rd1 0-0 11. Be2 Nf6 12. 0-0 Bd7 13. Ne5 Bb5 14. Nc4 Bxc4 15. Bxc4 c6 16. Rfe1 Qc7 17. Bf1 Rac8 18. Qb3 Rfd8 19. g3 h5 20. Qa4 h4 21. Ba5 b6 22. Bc3 hxg3 23. hxg3 a5 24. Qb3 b5 25. a3 Qb6 26. Rd3 a4 27. Qd1 Rd7 28. Qd2 Qa7 29. Bb4 Bf8 30. Bc3 Bg7 31. Qe3 Rcd8 32. Red1 e5 33. Bh3 Re7 34. dxe5 Rxd3 35. Qxd3 Nh5 36. Qd8+ Kh7 37. Rd7 Rxd7 38. Qxd7 Qc5 39. Qd6 Bf8 40. Qxc5 Bxc5 41. Kg2 Ng7 42. Bd7 Ne6 43. Bxc6 Nd4 44. Bd5 Kg8 45. Kf1 Kf8 46. f4 Ke7 47. Ke1 b4 48. axb4 Nc2+ 49. Ke2 Nxb4 50. Bc4 Nc6 51. Bd5 Nb4 52. g4 Na6 53. Bc4 Nb4 54. Bb5 Na2 55. Bxa4 Nxc3+ 56. bxc3 f6 57. exf6+ Kxf6 58. e5+ Ke6 59. Kd3 Bb6 60. Ke4 1-0

[Event "Leipzig VfB op 13th"]
[Site "Leipzig"]
[Date "2006.03.16"]
[Round "4"]
[White "Starke, Burkhard"]
[Black "Lutz, Harald"]
[Result "1/2-1/2"]
[WhiteElo "2074"]
[BlackElo "1761"]
[PlyCount "100"]
[EventDate "2006.03.14"]
[EventType "swiss"]
[EventRounds "9"]
[EventCountry "GER"]
[SourceTitle "EXT 2008"]
[Source "ChessBase"]
[SourceDate "2007.11.25"]
[SourceVersion "1"]
[SourceVersionDate "2007.11.25"]
[SourceQuality "1"]

1. d4 Nf6 2. Nf3 g6 3. c4 Bg7 4. Nc3 d6 5. e4 0-0 6. h3 Nbd7 7. e5 Ne8 8. Bf4 b6 9. Bd3 Bb7 10. Be4 Bxe4 11. Nxe4 f5 12. Neg5 Qc8 13. Ne6 Nxe5 14. Nxf8 Nxf3+ 15. Qxf3 Kxf8 16. Be3 Nf6 17. 0-0 Kg8 18. Qc6 Rb8 19. Rfd1 h6 20. Rab1 Nh5 21. f4 Ng3 22. Kh2 Ne4 23. Rd3 Qe8 24. Qd5+ Kh7 25. Qe6 c6 26. g4 Qf8 27. Rg1 Qf6 28. gxf5 Qxf5 29. Qxf5 gxf5 30. b4 Kg8 31. Rg2 Kf7 32. Ra3 Rb7 33. Rc2 Ke6 34. Rb3 Bf6 35. Rg2 h5 36. Rg8 h4 37. Ra8 Ng3 38. Kg2 Ne2 39. Rd3 d5 40. cxd5+ Kxd5 41. Kf3 Ng3 42. Rb3 Ne4 43. b5 e6 44. Rg8 Rc7 45. Rg6 cxb5 46. Rxb5+ Kd6 47. Rb3 Rc2 48. Rg2 Rc4 49. Rg1 Rc2 50. Rg2 Rc4 1/2-1/2

[Event "Leipzig VfB op 13th"]
[Site "Leipzig"]
[Date "2006.03.15"]
[Round "2"]
[White "Mueller, Marius"]
[Black "Lutz, Harald"]
[Result "0-1"]
[WhiteElo "1223"]
[BlackElo "1761"]
[PlyCount "92"]
[EventDate "2006.03.14"]
[EventType "swiss"]
[EventRounds "9"]
[EventCountry "GER"]
[SourceTitle "EXT 2008"]
[Source "ChessBase"]
[SourceDate "2007.11.25"]
[SourceVersion "1"]
[SourceVersionDate "2007.11.25"]
[SourceQuality "1"]

1. e4 c5 2. Nf3 d6 3. d4 cxd4 4. Nxd4 Nf6 5. Nc3 a6 6. Bc4 e6 7. Nf3 Qc7 8. Bb3 Nc6 9. 0-0 b5 10. a3 Bb7 11. Re1 Be7 12. h3 Rc8 13. Nh2 Na5 14. Ba2 Nc4 15. f4 Nxa3 16. Bxe6 fxe6 17. Rxa3 b4 18. Rb3 bxc3 19. Rxc3 Qd7 20. e5 dxe5 21. Rd3 Qc6 22. Nf3 e4 23. Rc3 Qb6+ 24. Be3 Qd8 25. Qxd8+ Bxd8 26. Rb3 Bd5 27. c4 Bxc4 28. Rc3 exf3 29. gxf3 Nd5 30. Rc2 Nxe3 31. Rxe3 Bb6 32. Kf2 Kf7 33. b3 Bxb3 34. Rb2 Rc2+ 35. Rxc2 Bxe3+ 36. Kxe3 Bxc2 37. Kd2 Bf5 38. h4 a5 39. Kc1 Rb8 40. Kd2 a4 41. Ke3 a3 42. Kf2 a2 43. Kg3 a1Q 44. h5 Qg1+ 45. Kh4 Qf2+ 46. Kg5 h6# 0-1